| 000 -CABECERA |
| Longitud fija campo de control |
00506nam a2200145 a 4500 |
| 001 - NÚMERO DE CONTROL |
| Número de control |
4587 |
| 003 - IDENTIFICADOR DEL NÚMERO DE CONTROL |
| Identificador del número de control |
CDMR |
| 005 - FECHA Y HORA DE LA ÚLTIMA TRANSACCIÓN |
| Fecha y hora de la última transacción |
20130315131622.0 |
| 008 - CÓDIGOS DE INFORMACIÓN DE LONGITUD FIJA |
| Códigos de información de longitud fija |
130130s1990||||||||||||||||||||||||||||d |
| 040 ## - FUENTE DE LA CATALOGACIÓN |
| Centro catalogador de origen |
CDMR |
| Lengua de catalogación |
cat |
| Centro transcriptor |
CPC GIRONA |
| 245 #0 - MENCIÓN DE TÍTULO |
| Título |
Francesc Nabot i la “Bona Premsa” |
| Resto del título |
; Europa i els Jocs Olímpics als diaris de Barcelona ; La llibertat d'informació al món |
| 260 ## - PUBLICACIÓN, DISTRIBUCIÓN, ETC. (PIE DE IMPRENTA) |
| Fecha de publicación, distribución, etc. |
1990 |
| Nombre del editor, distribuidor, etc. |
Col·legi de Periodistes de Catalunya |
| 490 0# - MENCIÓN DE SERIE |
| Mención de serie |
Annals del Periodisme Català |
| Designación de volumen o secuencia |
16 (gener-juny 1990) |
| 942 ## - ENTRADA DE ELEMENTOS AGREGADOS (KOHA) |
| Koha [por defecto] tipo de item |
Monografies |
| Fuente de clasificaión o esquema |
|